| 000 | 01269nam a22002417a 4500 | ||
|---|---|---|---|
| 005 | 20210325180228.0 | ||
| 008 | s2540 th tha d | ||
| 020 | _a9747575132 | ||
| 041 | _atha | ||
| 050 | _aQA402 อ695ก 2540 | ||
| 100 | 0 | _aอำไพ พรประเสริฐสกุล | |
| 245 | 1 | 0 | _aการวิเคราะห์และออกแบบระบบ / อำไพ พรประเสริฐสกุล [2540] |
| 260 | 3 |
_aกรุงเทพฯ : _bศูนย์เทคโนโลยีอิเล็กทรอนิกส์และคอมพิวเตอร์แห่งชาติ (NECTEC) สำนักงานพัฒนาวิทยาศาสตร์และเทคโนโลยีแห่งชาติ, _c2540 |
|
| 300 |
_a295 หน้า : _b ภาพประกอบ ; _c 24 ซม. |
||
| 650 | 0 | 4 | _aการวิเคราะห์ระบบ |
| 650 | 0 | 4 | _aการออกแบบระบบ |
| 650 | 0 | 4 | _aการวิเคราะห์ระบบ -- การประมวลผล |
| 650 | 0 | 4 | _aระบบสารสนเทศ |
| 850 | _aNALT | ||
| 942 | _cGB | ||
| 997 | _c000000000008783 | ||
| 998 | _aSANG-AROON ANU-KRAUGH | ||
| 999 |
_c8783 _d8783 |
||